[Event "84th Annual Southwest Open"]
[Site "Irving"]
[Date "2018.08.31"]
[Round "1"]
[White "Rozman, Levy"]
[Black "Hung, Daniel"]
[Result "1-0"]
[WhiteElo "2421"]
[BlackElo "2104"]
[Annotator "TA"]
[PlyCount "69"]
[EventDate "2018.08.31"]
[EventType "swiss"]
[EventCountry "USA"]
[SourceTitle "playchess.com"]
[Source "ChessBase"]
[SourceQuality "1"]

{[%evp 16,69,34,27,27,21,56,59,59,48,57,28,22,7,0,-38,-41,-50,-19,-66,-54,-56,0,0,0,-19,0,0,18,-18,0,-5,95,49,39,56,44,35,597,604,790,787,782,776,759,747,756,740,2243,2021,5265,3351,3177,2630,29978,12844]} 1. c4 e5 2. Nc3 Nc6 3. Nf3 Nf6 4. e3 d6 5. d4 Be7 6. Be2 O-O {A28: English Opening: Four Knights Variation} 7. O-O exd4 8. Nxd4 Nxd4 (8... Re8 9. b3 Nxd4 10. Qxd4 Bf8 11. Bb2 Bf5 12. f3 c6 13. e4 Bg6 14. Rad1 Nd7 15. Qd2 Qc7 16. Rfe1 Rad8 17. Bf1 a6 18. Kh1 {0-1 (65) Indjic,A (2594)-Radusinovic,L (2430) Belgrade 2016}) 9. Qxd4 {LiveBook: 6 Games} c6 10. Rd1 Qc7 11. e4 $146 ({Predecessor:} 11. b3 Be6 12. Bb2 Qb6 13. Qf4 d5 14. cxd5 cxd5 15. Qg3 Rfd8 16. Na4 Qb4 17. Bc3 Qa3 18. Bb2 Qb4 19. Bc3 Qa3 20. Bb2 {½-½ (20) Schmitz,M (2002)-Reijneveld,A (2135) Guernsey 2013}) 11... Rd8 12. Bf4 Be6 13. c5 {[%cal Rc5d6]} Ne8 14. Qa4 b6 15. b4 b5 16. Qc2 a5 17. a3 Qa7 {[#] Hoping for ...axb4.} 18. cxd6 Bxd6 (18... Nxd6 $15 19. Be3 Qb7) 19. e5 $1 $36 {[%mdl 2048] Black must now prevent Be3. White has some pressure.} Be7 20. Be3 Qc7 21. Qe4 g6 22. g4 Ng7 23. Rac1 {aiming for Nxb5!} Qb7 (23... axb4 $11 24. Rxd8+ (24. axb4 Rxd1+ 25. Bxd1 Bc4 $14) 24... Qxd8 25. axb4 Ra6) 24. Bxb5 Bd5 25. Nxd5 cxd5 26. Qd3 {[#] Bc6 is the strong threat.} Rac8 $2 {[%mdl 8192]} (26... axb4 $14 27. axb4 Ne6) 27. Ba6 $18 Qd7 28. Bxc8 Rxc8 29. Qxd5 Qxg4+ 30. Qg2 Qxg2+ 31. Kxg2 Rxc1 32. Rxc1 axb4 33. Rc8+ Bf8 34. axb4 {[%cal Ba3b4,Bb4b5][%mdl 32]} Ne6 35. b5 {Precision: White = 60%, Black = 24%.} 1-0

[Event "84th Annual Southwest Open"]
[Site "Irving"]
[Date "2018.08.31"]
[Round "1"]
[White "Stefanov, Emil"]
[Black "Kumar, Naman"]
[Result "1-0"]
[WhiteElo "2407"]
[BlackElo "1914"]
[Annotator "ChessBase"]
[PlyCount "73"]
[EventDate "2018.08.31"]
[EventType "swiss"]
[EventCountry "USA"]
[SourceTitle "playchess.com"]
[Source "ChessBase"]
[SourceQuality "1"]
[TimeControl "5400+30"]

1. d4 {[%emt 0:00:00]} Nf6 {[%emt 0:00:00]} 2. c4 {[%emt 0:00:00]} g6 {[%emt 0:00:00]} 3. Nc3 {[%emt 0:00:19]} Bg7 {[%emt 0:00:00]} 4. e4 {[%emt 0:00:16]} d6 {[%emt 0:00:00]} 5. f3 {[%emt 0:02:54]} O-O {[%emt 0:00:14]} 6. Be3 {[%emt 0:00:09]} c5 {[%emt 0:01:46]} 7. d5 {[%emt 0:04:47]} a6 {[%emt 0:07:46]} 8. Qd2 {[%emt 0:01:49]} Qa5 {[%emt 0:05:43]} 9. a4 {[%emt 0:05:11]} Ne8 {[%emt 0:14:19]} 10. Ra3 {[%emt 0:05:26]} Bd7 {[%emt 0:02:22]} 11. Bd3 {[%emt 0:03:27]} Bxc3 {[%emt 0:13:05]} 12. bxc3 {[%emt 0:08:44]} b5 {[%emt 0:07:26]} 13. Bh6 {[%emt 0:03:27]} Ng7 {[%emt 0:04:50]} 14. Ne2 {[%emt 0:05:35]} Rc8 {[%emt 0:02:41]} 15. h4 {[%emt 0:00:25]} bxc4 {[%emt 0:03:04]} 16. Bc2 {[%emt 0:01:30]} Ne8 {[%emt 0:04:21]} 17. h5 {[%emt 0:01:04]} Qb6 {[%emt 0:01:07]} 18. hxg6 {[%emt 0:06:34]} fxg6 {[%emt 0:07:18]} 19. Qg5 {[%emt 0:01:49]} Qd8 {[%emt 0:02:41]} 20. Qh4 {[%emt 0:00:28]} Nf6 {[%emt 0:02:26]} 21. Bg5 {[%emt 0:10:11]} Qf8 {[%emt 0:02:27]} 22. Bxf6 {[%emt 0:01:00]} Qxf6 {[%emt 0:01:20]} 23. Qxh7+ {[%emt 0:00:06]} Kf8 {[%emt 0:00:02]} 24. Nf4 {[%emt 0:02:27]} Qg7 {[%emt 0:01:17]} 25. Nxg6+ {[%emt 0:01:37]} Kf7 {[%emt 0:00:08]} 26. e5 {[%emt 0:01:09]} dxe5 {[%emt 0:04:00]} 27. Nxe5+ {[%emt 0:00:09]} Kf8 {[%emt 0:00:22]} 28. Ng6+ {[%emt 0:00:16]} Kf7 {[%emt 0:00:02]} 29. Qh4 {[%emt 0:06:59]} Qf6 {[%emt 0:03:03]} 30. Qe4 {[%emt 0:00:15]} Rg8 {[%emt 0:02:17]} 31. Rh7+ {[%emt 0:04:05]} Rg7 {[%emt 0:02:56]} 32. Rxg7+ {[%emt 0:00:49]} Kxg7 {[%emt 0:00:32]} 33. Nxe7 {[%emt 0:02:37]} Qh6 {[%emt 0:02:15]} 34. Qe5+ {[%emt 0:04:55]} Kf8 {[%emt 0:00:23]} 35. Ng6+ {[%emt 0:00:10]} Kg8 {[%emt 0:00:10]} 36. Qf4 {[%emt 0:05:05]} Qg7 {[%emt 0:01:16]} 37. Qxc4 {[%emt 0:00:50]} 1-0

[Event "84th Annual Southwest Open"]
[Site "Irving"]
[Date "2018.08.31"]
[Round "1"]
[White "Wang, Justin"]
[Black "Kovalyov, Anton"]
[Result "0-1"]
[WhiteElo "2391"]
[BlackElo "2644"]
[Annotator "TA"]
[PlyCount "118"]
[EventDate "2018.08.31"]
[EventType "swiss"]
[EventCountry "USA"]
[SourceTitle "playchess.com"]
[Source "ChessBase"]
[SourceQuality "1"]

{[%evp 24,118,29,8,87,0,17,24,55,52,34,50,23,42,8,41,39,35,14,14,12,0,0,0,0,0,0,0,0,-27,-30,-15,16,8,14,0,0,0,25,7,4,0,7,-53,-59,-90,-21,-21,-22,-17,-24,-19,4,-96,-104,-144,-122,-105,-54,-55,-37,-125,-89,-95,0,-104,-23,-92,-86,-105,-83,-71,-79,-66,-73,-66,-67,-160,-160,-193,-210,-390,-366,-416,-402,-728,-767,-1600,-1532,-1458,-825,-1309,-1101,-1566,-1570,-1451,-1428]} 1. e4 c5 2. Nf3 d6 3. d4 cxd4 4. Nxd4 Nf6 5. Nc3 a6 6. Be3 e5 7. Nb3 Be7 8. f3 Be6 9. Qd2 Nbd7 10. g4 O-O 11. O-O-O b5 12. g5 Nh5 13. Kb1 {LiveBook: 54 Partien. B90: Sizilianisch (Najdorf-Variante, Abweichungen)} (13. Nd5 Bxd5 14. exd5 f6 15. gxf6 Bxf6 16. Kb1 Nf4 17. Rg1 Kh8 18. Bd3 Bg5 19. Na5 Bh6 20. Nc6 Qh4 21. Qb4 {½-½ (49) Caruana,F (2784)-Mamedyarov,S (2809) Berlin 2018}) 13... f6 (13... Nb6 $11 {hält das Gleichgewicht.}) 14. gxf6 (14. h4 $16) 14... Nhxf6 ({Natürlich nicht} 14... Rxf6 15. Bg5 $14) 15. Rg1 {Die Stellung ist ausgeglichen.} Kh8 $146 ({Vorgänger:} 15... Bf7 16. Bh3 Qc7 17. Bg5 b4 18. Nd5 Nxd5 19. exd5 Bxg5 20. Qxg5 Bg6 21. Rd2 Nc5 22. Nxc5 Qxc5 23. Be6+ Kh8 24. Rg3 Ra7 {1-0 (24) Ibanez,J (2001)-Gutierrez,S (1832) Asuncion 2010}) 16. f4 ({Viel schwächer wäre} 16. Qg2 g6 $11) 16... Rc8 17. Qg2 {[%csl Gg1][%cal Rg2g7]} Rg8 18. Nd5 Nxd5 19. exd5 Bf5 20. Bd3 Bxd3 21. Rxd3 Bf6 $1 22. Bc1 Re8 23. fxe5 Nxe5 24. Rh3 Rc4 25. Nd2 Rg4 26. Qf1 Rxg1 27. Qxg1 Qd7 28. Re3 Bd8 {Droht stark ...Lb6.} 29. Re2 Qf7 30. Qg2 Rf8 31. Ne4 Be7 32. Nc5 Qf1 $1 $36 {[%cal Rf1g2][%mdl 2048] Weiss steht unter Druck.} 33. Qxf1 (33. Ne6 $11 Rf7 34. Qe4) 33... Rxf1 $15 34. Nd3 Nxd3 (34... Kg8 $17 {zielt auf ...Sxd3 ab.} 35. Re1 Rxe1 36. Nxe1 Ng4) 35. cxd3 $17 {[%mdl 4096] Endspiel KTL-KTL} Bf8 36. Re8 h6 37. b4 Kh7 38. h4 (38. Ra8 $11) 38... g5 39. h5 Bg7 40. Re6 Be5 (40... Rh1 $17 41. Kc2 Rh2+ 42. Kd1 Bf8) 41. Kc2 $1 $15 Rf2+ 42. Kb3 (42. Kd1 $1 $15) 42... Rf3 43. Kc2 Rf2+ 44. Kb3 {[#]} Rf5 ({Besser ist} 44... Rh2 $1 $17 45. d4 Bg3) 45. Re7+ (45. Kc2 $11) 45... Kg8 $17 46. Re6 Kg7 47. Rg6+ Kh7 48. Re6 Bf4 49. Bb2 Rxd5 50. Kc2 {[#]} ({Lieber} 50. Rg6 $15) 50... Be5 $1 51. Bxe5 Rxe5 52. Rxd6 $2 {KT-KT} (52. Rg6) 52... g4 $19 53. Kd2 Rxh5 54. Ke3 (54. Rf6 $142 Rh2+ 55. Ke3) 54... Rf5 {Schwarz steht klar auf Gewinn.} 55. Ke4 Rf7 56. Rc6 h5 57. Rc1 Kg6 58. d4 g3 59. Rh1 Kg5 {Precision: Weiß = 34%, Schwarz = 56%.} 0-1

[Event "84th Annual Southwest Open"]
[Site "Irving"]
[Date "2018.08.31"]
[Round "1"]
[White "Chua, Alexander"]
[Black "Vorontsov, Pavlo"]
[Result "0-1"]
[WhiteElo "2332"]
[BlackElo "2578"]
[Annotator "TA"]
[PlyCount "95"]
[EventDate "2018.08.31"]
[EventType "swiss"]
[EventCountry "USA"]
[SourceTitle "playchess.com"]
[Source "ChessBase"]
[SourceQuality "1"]

{[%evp 12,95,19,11,40,14,25,28,16,0,4,7,2,31,48,50,63,45,71,0,0,0,3,4,10,-15,-12,-11,-16,-16,-9,-70,-49,-152,-113,-187,-161,-400,-394,-433,-430,-481,-477,-472,-472,-460,-466,-616,-617,-645,-650,-954,-941,-6338,-6295,-6201,-6195,-6179,-5381,-29971,-29971,-29971,-29972,-29972,-29974,-29974,-29976,-29976,-29977,-29976,-29978,-29978,-29979,-29979,-29980,-29981,-29982,-29982,-29983,-29983,-29984,-29984,-29984,-29984,-29985,-29986]} 1. d4 Nf6 2. c4 e6 3. g3 Bb4+ 4. Bd2 Be7 5. Bg2 d5 6. Nf3 {E00: Catalan Bogo-Indian (3 g3 Bb4+)} Nbd7 (6... O-O 7. O-O Nbd7 8. b4 c6 9. a4 Bd6 10. Qc2 e5 11. cxd5 cxd5 12. dxe5 Nxe5 13. Bc3 Re8 14. Nbd2 Nxf3+ 15. Bxf3 Bh3 {½-½ (58) So,W (2778)-Karjakin,S (2782) Stavanger 2018}) 7. Qc2 {LiveBook: 35 Games} Ne4 8. Nc3 $146 {White is slightly better.} ({Predecessor:} 8. O-O O-O 9. Bf4 c6 10. Nbd2 f5 11. h4 h6 12. Nxe4 fxe4 13. Ne5 Nxe5 14. Bxe5 Bd6 15. f4 exf3 16. exf3 Bxe5 17. dxe5 Bd7 18. f4 Qe7 {0-1 (65) Loriguillo,G (1857)-Stahr,R (2095) Erfurt 2017}) 8... Nxd2 9. Nxd2 c6 10. e4 {[%cal Re4d5]} dxe4 11. Ndxe4 f5 12. Nd2 e5 13. d5 ({Much worse is} 13. Qxf5 Nc5 $17) 13... e4 14. f3 e3 15. Nf1 ({White should try} 15. Nb3 $16) 15... f4 16. gxf4 O-O 17. O-O-O Qc7 18. Nxe3 Qxf4 {aiming for ...Bc5.} 19. Qe4 Bg5 $36 {[%mdl 2048] Black has some pressure.} 20. Qxf4 Bxf4 21. Kd2 ({Better is} 21. Rhe1 $11) 21... Nb6 $15 22. b3 (22. Kd3 $15) 22... cxd5 23. cxd5 (23. Ne2 $17 {was called for.}) 23... Re8 $19 24. Rde1 $2 (24. Rhe1) 24... Bf5 $1 25. Bf1 Rac8 26. Ne4 {[#]} Nxd5 $1 27. Bc4 {[#]} Rxc4 $1 {[%mdl 512]} 28. bxc4 Nxe3 29. Rxe3 Bxe4 $1 30. fxe4 Rxe4 31. Rhe1 Rxe3 32. Rxe3 {[%mdl 4096] Endgame KR-KB} Kf7 33. Kd3 Bxe3 34. Kxe3 {KP-KP} g5 {[%cal Bg7g5,Bg5g4,Bg4g3][%mdl 32]} 35. a4 Ke6 {Black mates.} 36. Kd4 h5 37. Ke4 b6 38. Kd4 g4 39. Ke4 h4 40. Kf4 {[#]} g3 $1 {[%mdl 512]} 41. hxg3 hxg3 42. Kxg3 {KPP-KPP} Kd6 43. Kf2 Kc5 44. a5 Kxc4 ({Inferior is} 44... bxa5 45. Ke2 $11) 45. axb6 axb6 46. Ke2 Kc3 47. Kd1 Kb2 48. Ke1 {Precision: White = 39%, Black = 83%.} 0-1

[Event "84th Annual Southwest Open"]
[Site "Irving"]
[Date "2018.08.31"]
[Round "1"]
[White "Guo, Arthur"]
[Black "Matsenko, Sergei"]
[Result "0-1"]
[WhiteElo "2283"]
[BlackElo "2533"]
[Annotator "TA"]
[PlyCount "62"]
[EventDate "2018.08.31"]
[EventType "swiss"]
[EventCountry "USA"]
[SourceTitle "playchess.com"]
[Source "ChessBase"]
[SourceQuality "1"]

{[%evp 20,62,0,-18,42,31,40,10,20,9,27,10,16,5,17,-19,-19,-14,-12,-62,-26,-18,-27,-24,-24,-31,-28,-27,-20,-41,-27,-25,-10,-14,-17,-19,0,0,0,0,0,-702,-700,-826,-799]} 1. Nf3 Nf6 2. g3 b5 3. Bg2 Bb7 4. d4 e6 5. O-O c5 6. c3 Be7 7. Bg5 O-O 8. Nbd2 Na6 9. Re1 h6 {A46: 1 d4 Nf6 2 Nf3 e6: Torre, London and Colle Systems} 10. Bxf6 Bxf6 11. e4 {LiveBook: 9 Games} b4 $146 (11... d5 $11) ({Predecessor:} 11... cxd4 12. cxd4 Qb6 13. Nb3 d5 14. Ne5 Bxe5 15. dxe5 Rfd8 16. Qd4 dxe4 17. Qxb6 axb6 18. Bxe4 Bxe4 19. Rxe4 Rd5 20. f4 Nc5 21. Nxc5 bxc5 22. Kf2 {½-½ (22) Drazic,S (2453)-Kazakovskiy,V (2417) Novi Sad 2017}) 12. cxb4 $14 cxb4 13. a4 Rc8 14. Nb3 d6 15. Qd3 Nb8 16. Qd2 a5 17. d5 exd5 18. exd5 Na6 19. Rac1 Qb6 20. Nfd4 Bg5 21. f4 Bf6 22. Kh1 Nc5 23. Nxc5 Rxc5 24. Rxc5 Qxc5 25. Nc6 Ba6 {[%cal Bb7a6,Ba6c4,Bc4d5][%mdl 32]} 26. Rc1 Qb6 27. Re1 Bc4 28. Qc2 Qa6 29. b3 Bc3 {Strongly threatening ...Bxb3.} 30. Re7 $2 {[%mdl 8192] [#]} (30. bxc4 $11 Bxe1 31. Ne7+ Kh8 32. Qf5 Qxc4 {[#]} 33. Ng6+ $1 {[%mdl 512]} Kg8 34. Ne7+ Kh8 35. Ng6+ $1 {[%mdl 512]} Kg8 36. Ne7+ Kh8) 30... Bxd5 $1 $19 {[%cal Ra6f1][%mdl 512]} 31. Qe2 (31. Bxd5 Qf1#) 31... Qxc6 {Precision: White = 47%, Black = 59%.} 0-1

[Event "84th Annual Southwest Open"]
[Site "Irving"]
[Date "2018.08.31"]
[Round "1"]
[White "Yim, Sung Ho"]
[Black "Preotu, Razvan"]
[Result "1/2-1/2"]
[WhiteElo "2271"]
[BlackElo "2513"]
[Annotator "TA"]
[PlyCount "55"]
[EventDate "2018.08.31"]
[EventType "swiss"]
[EventCountry "USA"]
[SourceTitle "playchess.com"]
[Source "ChessBase"]
[SourceQuality "1"]

{[%evp 20,55,18,18,22,14,3,2,14,8,64,52,49,46,67,69,56,60,72,70,80,66,57,51,57,58,57,23,18,27,27,28,25,0,0,0,0,-2]} 1. Nf3 c5 2. c4 Nc6 3. Nc3 e5 4. e3 {[%cal Be2e3,Be3d4][%mdl 32]} Nf6 5. d4 cxd4 6. exd4 e4 7. Ne5 Bb4 8. Be2 Qa5 {A34: Symmetrical English: 2 Nc3, lines with ...d5} (8... O-O 9. O-O Re8 10. Bf4 Bxc3 11. bxc3 Ne7 12. c5 Ned5 13. Bd2 d6 14. cxd6 Qxd6 15. c4 Ne7 16. Bc3 {0-1 (97) Wei,Y (2740)-Adhiban,B (2671) Hoogeveen 2017}) 9. O-O Nxe5 10. dxe5 Qxe5 11. Bd2 {LiveBook: 15 Games} a5 12. a3 Bc5 13. Nb5 {[#] Black must now prevent Bc3.} O-O 14. b4 {And now Bc3 would win.} axb4 (14... Be7 $11) 15. axb4 $14 Rxa1 16. Qxa1 Bd6 $146 17. Nxd6 Qxd6 18. Rd1 Re8 19. c5 Qe6 20. Bg5 Ng4 21. Qd4 Qe5 22. Qxe5 Nxe5 23. b5 Nd3 24. Be3 d6 25. cxd6 Bd7 26. Bxd3 exd3 27. Rxd3 Bxb5 28. Rb3 {Precision: White = 66%, Black = 74%.} 1/2-1/2

[Event "84th Annual Southwest Open"]
[Site "Irving"]
[Date "2018.08.31"]
[Round "1"]
[White "Findlay, Ian T"]
[Black "Raznikov, Danny"]
[Result "0-1"]
[WhiteElo "2263"]
[BlackElo "2498"]
[Annotator "TA"]
[PlyCount "82"]
[EventDate "2018.08.31"]
[EventType "swiss"]
[EventCountry "USA"]
[SourceTitle "playchess.com"]
[Source "ChessBase"]
[SourceQuality "1"]

{[%evp 24,82,31,17,39,20,39,0,22,32,36,0,0,0,0,-27,-18,-27,-28,-31,-27,-32,-34,-57,-55,-66,-26,-31,-31,-45,-28,-65,-70,-91,-43,-87,-96,-95,-47,-87,-100,-117,-75,-144,-87,-91,-82,-216,-70,-135,-139,-138,-133,-146,-64,-246,-266,-1693,-1558,-29996,-29997]} 1. e4 c5 2. Nf3 d6 3. d4 cxd4 4. Nxd4 Nf6 5. Nc3 a6 6. Be2 e5 7. Nb3 Be7 8. O-O O-O 9. Qd3 Be6 10. Bd2 {B92: Sicilian Najdorf: 6 Be2} Nbd7 11. Nd5 Bxd5 12. exd5 a5 13. a4 {[#] LiveBook: 3 Games} Ne8 $146 ({Predecessor:} 13... Qc7 14. Rfd1 Rfc8 15. Rac1 g6 16. h3 Bf8 17. Qf3 Bg7 {½-½ (63) Hou,Y (2676)-Nepomniachtchi,I (2720) Dortmund 2015}) 14. Bg4 Nef6 15. Be2 g6 16. Bh6 Re8 17. c4 Bf8 18. Be3 Rc8 19. Nd2 Nc5 20. Qa3 Na6 21. Rac1 b6 22. Nb1 Ne4 23. f3 Nec5 24. Nc3 Rc7 25. Nb5 Rd7 26. Bd2 Be7 27. Rb1 Bg5 28. Be1 h5 29. g3 h4 30. Kg2 Kg7 31. Bc3 f5 32. Rbe1 Bf6 33. Rf2 (33. g4 $142) 33... hxg3 (33... f4 $142 $1 34. gxf4 h3+ 35. Kf1 Bh4 36. fxe5 (36. Nxd6 $2 Rxd6 37. Bxe5+ Kg8 $19) 36... dxe5) 34. hxg3 $17 f4 35. gxf4 (35. Rh1 $17) 35... exf4 (35... Nb4 $19 {Hoping for ...Nc2.} 36. Bf1 Bh4 37. Nxd6 Bxf2 38. Nxe8+ Kf8 39. Kxf2 Qh4+ 40. Kg1 Rh7) 36. Nd4 (36. Rg1 $15) 36... Be5 $1 {Threatens to win with ...Qg5+.} 37. Rg1 {[#]} Qf6 $1 $36 {[%mdl 2048] Black is on the roll.} 38. Nb5 {[#]} Nb4 (38... Nc7 $1 $17 39. Kf1 Nxb5 40. cxb5 Qf5) 39. Bxe5 $2 (39. Bxb4 $15 axb4 40. Qxb4) 39... Rxe5 $19 ({Don't take} 39... dxe5 40. Qc3 $17) 40. Nc3 $2 (40. Qc3 Nxa4 41. Qd2) 40... Nc2 {( -> ...Ne3+)} 41. Qa2 Ne3+ {Precision: White = 19%, Black = 49%.} 0-1

[Event "84th Annual Southwest Open"]
[Site "Irving"]
[Date "2018.08.31"]
[Round "1"]
[White "Shen, Christopher"]
[Black "Popilski, Gil"]
[Result "0-1"]
[WhiteElo "2254"]
[BlackElo "2491"]
[Annotator "TA"]
[PlyCount "98"]
[EventDate "2018.08.31"]
[EventType "swiss"]
[EventCountry "USA"]
[SourceTitle "playchess.com"]
[Source "ChessBase"]
[SourceQuality "1"]

{[%evp 18,98,20,12,96,94,85,86,83,87,81,85,83,74,87,96,115,116,122,93,124,114,108,100,150,161,151,144,143,137,154,126,153,130,190,150,146,157,151,154,196,179,197,194,245,237,201,93,71,-103,-110,-189,-180,-277,-272,-275,-262,-247,-253,-415,-391,-464,-464,-454,-431,-442,-437,-401,-348,-369,-376,-432,-437,-541,-534,-533,-510,-520,-494,-586,-584,-695,-655]} 1. c4 Nc6 2. g3 g6 3. Bg2 Bg7 4. Nc3 d6 5. d3 f5 6. e3 Nf6 7. Nge2 {[%cal Bg1e2,Be2f4,Bf4d5][%mdl 32]} e5 8. Rb1 Be6 9. Nd5 O-O 10. O-O {LiveBook: 72 Partien} e4 {A25: Englische Eröffnung (Sizilianisch im Anzug)} (10... Rb8 $11 {hält das Gleichgewicht.}) (10... Rb8 11. Nec3 Ne7 12. b4 c6 13. Nxf6+ Bxf6 14. b5 d5 15. bxc6 bxc6 16. Qa4 e4 17. cxd5 cxd5 18. Rxb8 Qxb8 {½-½ (32) Timofeev,A (2549)-Palchun,G (2441) Sochi 2017}) 11. Nef4 $16 Bf7 12. Nxf6+ Bxf6 {Weiß steht besser.} 13. Nd5 Bg7 14. dxe4 fxe4 15. Bxe4 Ne5 {Droht ...c6.} 16. b3 c6 17. Nf4 Qe7 $146 ({Vorgänger:} 17... Qe8 18. Bg2 {1-0 (37) Jeffares,S (2111)-Porter,L Dublin 2008}) 18. Bg2 g5 19. Nd3 Bg6 20. e4 d5 21. cxd5 cxd5 22. Nxe5 Qxe5 23. Bb2 d4 24. Qd3 Be8 25. a4 b5 (25... g4 $16 26. h3 h5) 26. Rfd1 {[%cal Rb2d4]} Rd8 27. Rbc1 Rf7 28. a5 b4 29. Qc4 Qxa5 30. Bxd4 Bb5 (30... Qb5 $142) 31. Qc5 $18 Rfd7 {[%cal Rd7d4]} 32. Qxg5 (32. Bf1 $1 $18 {ist der präzise Gewinnweg.} Rxd4 33. Rxd4 Bxd4 34. Qxg5+ (34. Qxb5 Qxb5 35. Bxb5 Bc3 $16) 34... Kh8 35. Bxb5) 32... h6 $16 {[#]} 33. Qg6 $2 {[#]} (33. Qf5 $1 $16 {bleibt auf Kurs.} Rxd4 34. Rxd4 Bxd4 35. Bf1) 33... Qa6 $1 $36 {[%cal Ra6g6][%mdl 2048] Schwarz hat starke Initiative.} 34. Qxa6 (34. Qf5 $17 Bxd4 35. Rxd4 Rxd4 36. Bf1) 34... Bxa6 $19 35. Bh3 (35. e5 $142) 35... Rxd4 36. Be6+ Kf8 37. Rxd4 Rxd4 38. Bd5 $2 (38. Rc7 Rxe4 39. Rf7+ Ke8 40. Rxa7 Rxe6 41. Rxg7) 38... Rd2 39. Rc7 {Und weiter mit Tf7+ wäre nett.} Bd4 40. Rf7+ Ke8 41. Kg2 Be2 42. Rf5 Rd1 43. h4 Bf1+ 44. Kh2 Rd2 {Schwarz steht klar auf Gewinn.} 45. Kg1 Bh3 46. Rf7 Bd7 47. Rf3 a5 48. Bc4 Bc6 49. Rf4 Rc2 {Precision: Weiß = 42%, Schwarz = 68%.} 0-1

[Event "84th Annual Southwest Open"]
[Site "Irving"]
[Date "2018.08.31"]
[Round "1"]
[White "Nguyen, Emily"]
[Black "Checa, Nicolas"]
[Result "0-1"]
[WhiteElo "2194"]
[BlackElo "2478"]
[Annotator "TA"]
[PlyCount "90"]
[EventDate "2018.08.31"]
[EventType "swiss"]
[EventCountry "USA"]
[SourceTitle "playchess.com"]
[Source "ChessBase"]
[SourceQuality "1"]

{[%evp 19,90,0,35,27,68,68,69,61,63,72,69,76,66,61,62,0,4,0,12,8,9,0,-8,-17,26,28,19,10,22,13,5,-16,-21,-7,0,0,7,0,0,0,0,-24,-29,-51,-51,-54,-53,-134,-134,-122,-125,-147,-129,-127,-144,-273,-255,-264,-252,-967,-940,-916,-914,-1256,-1256,-1241,-1241,-1677,-1671,-29982,-29983,-29983,-29984]} 1. d4 d5 2. c4 c6 3. Nf3 Nf6 4. Nc3 a6 5. cxd5 cxd5 6. Bf4 Nc6 7. Rc1 Nh5 (7... Bf5 8. e3 Rc8 9. Be2 e6 10. O-O Nd7 11. Na4 Be7 12. h3 O-O 13. a3 Na5 14. Nc5 Nc4 15. b4 Nxc5 16. dxc5 Nxa3 {1-0 (44) So,W (2778)-Carlsen,M (2843) Stavanger 2018}) 8. Bd2 Nf6 9. Bf4 Nh5 {D13: Damengambit (Slawische Verteidigung, Abtauschvariante)} 10. Bd2 e6 {LiveBook: 18 Partien} 11. Ne5 Nxe5 {Weiß hat minimalen Vorteil.} 12. dxe5 {zielt auf g4 ab.} d4 $146 ({Vorgänger:} 12... g6 13. e4 Be7 14. exd5 exd5 15. Be3 Be6 16. g4 Ng7 17. Bg2 {0-1 (50) Vul,A (2294)-Haring,V (2033) Tatranske Zruby 2014}) 13. Qa4+ Qd7 14. Qxd7+ Bxd7 {[%cal Bc8d7,Bd7c6,Bc6d5][%mdl 32]} 15. Ne4 Bc6 16. Nc5 g6 17. e3 (17. Rg1 $14) 17... dxe3 $11 18. Bxe3 Bd5 19. Rg1 f5 20. Bc4 Bxc5 21. Bxc5 Rc8 22. Bxd5 exd5 23. Kd2 Ng7 24. Bd4 O-O 25. f4 Ne6 $36 {[%mdl 2048] Schwarz drückt.} 26. Ke3 Kf7 27. Bb6 Ke7 28. g3 Rc6 29. Rxc6 bxc6 {[%mdl 4096] Endspiel KTL-KTS} 30. Rc1 Kd7 {...Tb8 ist eine echte Drohung.} 31. Bc5 Rb8 32. b3 Rb5 33. Bd6 ({Lieber} 33. b4 $1 $15) 33... c5 $17 34. Kd3 Kc6 35. Rc2 a5 {[%cal Ba6a5,Ba5a4][%mdl 32]} 36. Rb2 Rb4 37. a3 (37. Rb1 $17) 37... Re4 $19 38. Rc2 a4 39. b4 $2 {[#]} (39. bxa4 Rxa4 40. Ra2) 39... c4+ {[%cal Bc5c4,Bc4c3][%mdl 32]} 40. Kd2 Kb5 41. Bb8 d4 42. Ba7 c3+ 43. Kd1 Kc4 44. Re2 Rxe2 45. Kxe2 Kb3 {Precision: Weiß = 19%, Schwarz = 71%.} 0-1